[Event "Bad Woerishofen op"]
[Site "Bad Woerishofen"]
[Date "2001.??.??"]
[Round "6"]
[White "Mueller, Wolfgang"]
[Black "Schwabe, Manfred"]
[Result "0-1"]
[WhiteElo "1900"]
[BlackElo "1675"]
[Annotator "ChessOrg"]
[PlyCount "93"]
[EventDate "1998.03.05"]
[Source "ChessBase"]
[SourceDate "1998.04.29"]

1. e4 {C02: Franzoesische Verteidigung (Vorstossvariante)} 1... e6 2. d4 d5 3.
e5 c5 4. c3 Nc6 5. a3 {letzter Buchzug} 5... cxd4 6. cxd4 f6 7. Nf3 Bd7 8. b4
a6 9. Be2 fxe5 10. dxe5 g6 11. O-O (11. Bb2 11... Bg7 $11) 11... Bg7 12. Bb2
Nge7 13. Bd3 O-O 14. Nbd2 Nf5 15. Nb3 b6 16. b5 (16. Qe2 $5 $14 $142) 16...
axb5 $17 17. Bxb5 Nxe5 18. Bxd7 (18. Nxe5 Bxb5) 18... Nxf3+ 19. Qxf3 Qxd7 (
19... Bxb2 $6 20. Bxe6+ Kh8 21. Ra2 $11 (21. Bxd5 $143 21... Nd4 (21... Rxa3
$143 22. Rxa3 Bxa3 23. Ra1 $11) 22. Qe4 22... Nxb3 $17)) 20. Rab1 (20. Bxg7 $5
$142 20... Qxg7 21. Qd3 $17) 20... Bxb2 $19 21. Rxb2 Rxa3 22. Qf4 (22. Re1
22... Rfa8 $19) 22... Qd6 23. Qxd6 Nxd6 24. Nd4 e5 (24... Nc4 25. Rc2 e5 26.
Nc6 $19) 25. Rxb6 Nc4 (25... exd4 $6 26. Rxd6 Rf5 27. f4 $17) 26. Nc2 (26. Nb5
Rb3 (26... Nxb6 $6 27. Nxa3 Ra8 28. Nc2 $19) 27. Rb7 27... Na5 $19) 26... Ra2 (
26... Rc3 $142 27. Rb5 Rxc2 28. Rxd5 28... Re2 $19) 27. Nb4 Raxf2 28. Rxf2 (28.
Rxg6+ hxg6 29. Rxf2 $19) 28... Nxb6 29. Rxf8+ (29. Nc6 29... e4 $19) 29... Kxf8
30. Kf2 Kf7 31. Kf3 Ke6 32. g4 Nc4 33. Nc2 (33. h4 33... h5 $19) 33... g5 34.
Kg3 (34. Kf2 34... Kd6 $19) 34... d4 35. Kf2 d3 36. Nb4 e4 37. Ke1 Kd6 38. h3
d2+ (38... Kc5 39. Na6+ Kd4 40. Nb4 $19) 39. Kd1 (39. Ke2 $19) 39... e3 40. Nd3
Kd5 41. Ke2 Kd4 42. h4 (42. Nb4 $19) 42... gxh4 43. g5 h3 44. g6 hxg6 45. Nf4 (
45. Nc5 Kxc5 46. Kf3 d1=Q+ 47. Kg3 Qg1+ 48. Kf4 e2 49. Kf3 e1=Q 50. Kf4 Qee3#)
45... h2 46. Ng2 (46. Ne6+ Kc3 47. Nd4 h1=Q 48. Nb5+ Kb2 49. Nc3 Kc2 50. Nd5
d1=Q#) 46... h1=Q 47. Nxe3 (47. Kf3 d1=Q+ 48. Kg3 Qdh5 49. Nxe3 Q1f3#) 0-1

[Event "Bad Woerishofen op"]
[Site "Bad Woerishofen"]
[Date "2001.??.??"]
[Round "8"]
[White "Mueller, Wolfgang"]
[Black "Dahmen, Juergen"]
[Result "1-0"]
[WhiteElo "1900"]
[BlackElo "1624"]
[Annotator "ChessOrg"]
[PlyCount "113"]
[EventDate "1998.03.05"]
[Source "ChessBase"]
[SourceDate "1998.04.29"]

1. e4 {B42: Sizilianisch (Paulsen-Variante)} 1... c5 2. Nf3 e6 3. d4 cxd4 4.
Nxd4 a6 5. Bd3 d6 6. O-O Nf6 7. c3 7... Be7 {letzter Buchzug} 8. Bg5 O-O 9. Nd2
Nbd7 10. f4 Qc7 11. N2f3 b5 12. Qe1 e5 (12... Nc5 13. Bc2 e5 14. Nb3 $11) 13.
Nf5 $14 13... Nc5 14. Nxe7+ Qxe7 15. Rd1 Bb7 16. Bc2 Bxe4 17. Bxe4 Ncxe4 18.
fxe5 Nxg5 19. exf6 Qxe1 (19... Qxf6 20. Nd4 Qe5 21. Nf5 $11) 20. Nxe1 Ne4 21.
fxg7 Kxg7 22. Rf4 Rfe8 23. Nf3 Rad8 24. Nd4 d5 25. Rg4+ Kf8 26. Rh4 Nf6 (26...
Kg7 $5 $14 $142) 27. Rf1 $18 27... Kg7 28. Nf5+ (28. Rhf4 Ne4 29. Rxf7+ 29...
Kg8 $18) 28... Kg8 (28... Kh8 $16 $142) 29. Nd4 (29. Rhf4 Nh5 30. Rg4+ 30...
Kf8 $18) 29... Re4 (29... Kg7 $11 $142) 30. Rh6 $18 (30. Rxf6 $6 30... Rxh4 31.
Rxa6 31... b4 $11) 30... Ng4 31. Rxa6 Rde8 32. h3 (32. Rb6 Ne3 33. Rf3 33...
Ng4 $18) 32... Ne3 33. Re1 (33. Nxb5 $6 33... Nxf1 34. Kxf1 Re1+ 35. Kf2 R1e2+
36. Kf3 36... Rxb2 $11) 33... Nc4 (33... b4 34. Rb6 bxc3 35. bxc3 $16) 34. Rxe4
$18 34... dxe4 35. b3 (35. Nxb5 $6 35... e3 36. Kf1 e2+ 37. Ke1 37... Nxb2 $14)
35... Nb2 36. Kf1 (36. Nxb5 $6 36... e3 37. Nd4 e2 38. Nxe2 38... Rxe2 $14)
36... e3 (36... Nd3 37. Nxb5 e3 38. Nd4 $18) 37. Ke2 (37. Nxb5 e2+ 38. Ke1 Nd3+
39. Kd2 e1=Q+ 40. Kxd3 Qe4+ 41. Kd2 Qf4+ 42. Kd1 Qf1+ 43. Kd2 Re2+ 44. Kd3 Re5+
45. Kd4 Qf4+ 46. Kd3 Re3+ 47. Kc2 Re2+ 48. Kd3 Rd2#) 37... Re5 (37... Kf8 38.
Ra5 $18 (38. Nxb5 $6 38... Nd3 39. Nd4 Nf4+ 40. Kf3 40... e2 $11)) 38. Rf6 (38.
Ra5 $5 38... f5 $18) 38... Rc5 39. Rc6 Re5 (39... Rg5 40. g4 $18) 40. Rc8+ Kg7
41. Rb8 f5 42. Rxb5 (42. Nxb5 Nd3 43. Nd4 Nc1+ 44. Ke1 44... e2 $14) 42... Rxb5
43. Nxb5 f4 (43... Kf6 44. Kxe3 Ke5 45. Kd2 $18) 44. Nd4 (44. a4 $142 44... Kf6
45. a5 45... Ke6 $18) 44... Kf6 45. a4 Ke5 46. a5 Ke4 (46... Kd6 47. Ne6 $1
47... Kc6 $18) 47. a6 Nd3 48. a7 Nc1+ 49. Kf1 (49. Kd1 $5 $142 49... e2+ 50.
Nxe2 Nxe2 51. a8=Q+ Kf5 52. Qd5+ Kf6 53. Kxe2 53... Kg7 $18) 49... Kd3 50. a8=Q
Kxc3 51. Ne2+ Nxe2 52. Kxe2 Kxb3 53. Qf3 Kc4 54. Qxf4+ Kd5 55. Qxe3 h5 56. Qg5+
Kc4 57. Qxh5 (57. Qxh5 Kd4 58. g4 Kc4 59. g5 Kd4 60. g6 Kc4 61. g7 Kc3 62. g8=Q
Kb4 63. Qa2 Kc3 64. Qc5#) 1-0

[Event "Bad Woerishofen op"]
[Site "Bad Woerishofen"]
[Date "2001.??.??"]
[Round "2"]
[White "Mukic, Joschko"]
[Black "Urban, Rudolf"]
[Result "1-0"]
[WhiteElo "2263"]
[BlackElo "2100"]
[Annotator "ChessOrg"]
[PlyCount "39"]
[EventDate "1998.03.05"]
[Source "ChessBase"]
[SourceDate "1998.04.29"]

1. Nf3 {
A10: Abarten von Hollaendisch, Damenindisch, Koenigsindisch (ohne d2-d4)} 1...
f5 2. c4 b6 3. g3 Bb7 4. Bg2 Nf6 5. Nc3 e6 6. O-O 6... Be7 {letzter Buchzug} 7.
d3 O-O 8. e4 (8. d4 8... c5 $11) 8... Bb4 (8... fxe4 $5 $142 9. Ng5 Nc6 10.
dxe4 10... Ne5 $15) 9. e5 $14 9... Ne8 10. Ne2 Be7 11. d4 b5 (11... a6 12. Nc3
$14) 12. b3 (12. cxb5 12... a6 $16) 12... bxc4 13. bxc4 Na6 14. h4 Rb8 15. Nf4
Be4 16. Ng5 Bxg5 17. hxg5 Bxg2 (17... Qxg5 $2 18. Qa4 $18) 18. Kxg2 g6 19. d5
Ng7 (19... Qxg5 $2 20. Nxe6 $1 (20. dxe6 $143 20... d6 $18) 20... Qe7 21. Nxf8
Qxf8 22. Qa4 $18) 20. Be3 (20. Be3 Re8 21. Qa4 $14) 1-0

[Event "Bad Woerishofen op"]
[Site "Bad Woerishofen"]
[Date "2001.??.??"]
[Round "4"]
[White "Mukic, Joschko"]
[Black "Vossenkuhl, Joachim"]
[Result "1/2-1/2"]
[WhiteElo "2263"]
[BlackElo "2147"]
[Annotator "ChessOrg"]
[PlyCount "53"]
[EventDate "1998.03.05"]
[Source "ChessBase"]
[SourceDate "1998.04.29"]

1. d4 {A45: Damenbauernspiele (Trompowski-Angriff)} 1... Nf6 2. Bg5 e6 3. e4 c5
4. e5 h6 5. Bc1 Nd5 6. c4 Nb6 7. dxc5 Bxc5 8. Qg4 {letzter Buchzug} 8... Bf8 9.
Nf3 Nc6 10. Nc3 d5 11. Be3 a6 12. Be2 g6 13. O-O-O Qc7 14. Qf4 (14. Bxb6 Qxb6
15. cxd5 exd5 16. Nxd5 Bxg4 17. Nf6+ Ke7 18. Nd5+ Ke8 19. Nxb6 19... Rd8 $14)
14... Bg7 (14... Nxc4 $5 15. Bxc4 dxc4 16. Qxc4 16... Bg7 $11) 15. Bxb6 $16 (
15. cxd5 Nxd5 16. Rxd5 exd5 17. Nxd5 Qa5 18. Nf6+ Bxf6 19. Qxf6 19... Rh7 $17)
15... Qxb6 16. cxd5 exd5 17. Nxd5 Qa5 18. Nf6+ Bxf6 19. Qxf6 (19. exf6 $6 19...
Qxa2 20. Bc4 Qa1+ 21. Kc2 Qa4+ 22. b3 Qa3 23. Rhe1+ 23... Kf8 $11) 19... O-O (
19... Rf8 $5 $14 $142) 20. Bc4 $16 20... Bf5 21. e6 Nb4 22. exf7+ Kh7 23. Rd4
$4 (23. Qh4 $142 23... Qc5 24. Kd2 $14) 23... Nxa2+ $19 24. Kd1 Nb4 25. Ng5+
hxg5 26. Rh4+ gxh4 27. Qxh4+ 1/2-1/2

[Event "Bad Woerishofen op"]
[Site "Bad Woerishofen"]
[Date "2001.??.??"]
[Round "6"]
[White "Mukic, Joschko"]
[Black "Huber, Stefan"]
[Result "1/2-1/2"]
[WhiteElo "2263"]
[BlackElo "2147"]
[Annotator "ChessOrg"]
[PlyCount "75"]
[EventDate "1998.03.05"]
[Source "ChessBase"]
[SourceDate "1998.04.29"]

1. Nf3 {A30: Englische Eroeffnung (Symmetrische Variante)} 1... Nf6 2. g3 b6 3.
Bg2 Bb7 4. b3 g6 5. Bb2 Bg7 6. c4 c5 7. O-O O-O 8. Nc3 d5 9. Nxd5 Nxd5 10. Bxg7
Kxg7 11. cxd5 Qxd5 12. d4 cxd4 13. Qxd4+ Qxd4 14. Nxd4 Bxg2 15. Kxg2 15... Nd7
{letzter Buchzug} 16. Rfd1 Nf6 17. Nc6 Rfc8 18. Rac1 Rc7 19. b4 Rac8 20. b5 Nd7
21. Rb1 Nb8 22. Nb4 Rc5 23. a4 Kf8 24. Rd2 Rc4 25. Ra2 R8c5 26. Rbb2 Ke8 27.
Nd3 Rc7 28. a5 Nd7 29. Nb4 e6 30. axb6 Nxb6 31. Ra6 h5 (31... Nc8 $5 $14) 32.
Nc6 $16 32... Ra4 33. Rd2 Kf8 34. Rd8+ Kg7 35. Rxa4 Nxa4 36. Ra8 Nc3 37. Nxa7
Rb7 38. e3 1/2-1/2

[Event "Bad Woerishofen op"]
[Site "Bad Woerishofen"]
[Date "2001.??.??"]
[Round "8"]
[White "Mukic, Joschko"]
[Black "Schiegg, Peter"]
[Result "1-0"]
[WhiteElo "2263"]
[BlackElo "2049"]
[Annotator "ChessOrg"]
[PlyCount "89"]
[EventDate "1998.03.05"]
[Source "ChessBase"]
[SourceDate "1998.04.29"]

1. d4 {D00: Damenbauernspiele} 1... Nf6 2. Bg5 d5 3. Bxf6 exf6 4. c4 {
letzter Buchzug} 4... c6 (4... dxc4 5. Nc3 $15) 5. cxd5 Qxd5 6. Nc3 Bb4 7. e3
Bxc3+ 8. bxc3 Bf5 9. f3 Qa5 10. Qd2 O-O 11. c4 Qc7 12. Ne2 Nd7 13. Ng3 Bg6 14.
f4 h5 15. f5 Bh7 16. Bd3 g6 17. O-O h4 18. Nh1 g5 19. Nf2 Rfe8 20. Ng4 Kg7 21.
e4 Qd6 22. Qc3 c5 23. d5 Ne5 24. Nxe5 Rxe5 (24... fxe5 $143 25. f6+ Kh8 26. Bc2
$14) 25. a4 Re7 26. a5 Rb8 27. Rab1 Rc7 28. Bc2 Re7 29. Rb5 Rc7 30. g3 hxg3 31.
Qxg3 Qe5 32. Qxe5 fxe5 33. Kf2 f6 34. h4 gxh4 35. Rh1 b6 36. Rbb1 Rbb7 37. Ba4
bxa5 38. Bc6 $4 (38. d6 $142 38... Rf7 39. Be8 $16) 38... Rxb1 (38... Rb4 $5
$17) 39. Rxb1 $11 39... Kf7 40. Rb5 Ke7 41. Rxc5 Bg8 42. Rxa5 Kd8 43. c5 Rg7
44. Ra3 44... Kc8 $2 (44... Rh7 $5 $16 $142) 45. d6 (45. d6 Kd8 46. Ba8 $18) (
45. Bb5 h3 46. Rxh3 46... Kd8 $18) 1-0

[Event "Bad Woerishofen op"]
[Site "?"]
[Date "2001.??.??"]
[Round "1"]
[White "Muraziu, Nicky"]
[Black "Reefschlaeger, Helmut"]
[Result "0-1"]
[WhiteElo "1997"]
[BlackElo "2355"]
[Annotator "ChessOrg"]
[PlyCount "66"]
[EventDate "2000.??.??"]

1. b3 {A01: Larsen-Eroeffnung} 1... d5 2. Bb2 Nf6 3. e3 g6 4. Be2 {
letzter Buchzug} 4... Bg7 5. d3 c5 6. g4 (6. Bf3 6... Nc6 $11) 6... d4 7. e4 e5
8. Bc1 Nc6 9. g5 Nd7 10. h4 h5 11. Nh3 (11. Nf3 11... Nb6 $11) 11... Nf8 12. a4
Qc7 13. Na3 Be6 14. f4 (14. Bf3 $5 $15) 14... Bxh3 $17 15. Rxh3 exf4 16. Nc4 (
16. Nb5 Qd7 17. Rh2 17... Ne6 $17) 16... Ne6 17. Bd2 Ne5 18. Na3 (18. Bf3 Nxc4
19. bxc4 19... O-O $17) 18... f6 19. gxf6 Bxf6 20. b4 (20. Kf1 $19) 20... Qe7
21. bxc5 Bxh4+ 22. Kf1 Bg3 23. Nb5 Ng5 24. Nd6+ Kf8 25. Rxg3 fxg3 26. Kg2 Ngf7
(26... Ne6 27. Kxg3 b6 28. Kg2 $19) 27. c3 h4 28. cxd4 (28. Qf1 dxc3 29. Bxc3
h3+ 30. Kxg3 h2 31. Nxf7 h1=Q 32. Nxe5+ Qxf1 33. Rxf1+ 33... Kg8 $19) 28... h3+
29. Kh1 Nxd6 30. cxd6 g2+ 31. Kg1 Qxd6 32. Bf4 (32. Qc1 Nd7 33. Bf4 Qxd4+ 34.
Be3 $19) 32... Qxd4+ 33. Kh2 Qf2 (33... Qf2 34. Bh6+ Rxh6 35. Bh5 g1=Q+ 36.
Kxh3 Qgg3#) 0-1

[Event "Bad Woerishofen op"]
[Site "Bad Woerishofen"]
[Date "2001.??.??"]
[Round "3"]
[White "Muraziu, Nicky"]
[Black "Bintakies, Michael"]
[Result "0-1"]
[WhiteElo "1997"]
[BlackElo "2204"]
[Annotator "ChessOrg"]
[PlyCount "120"]
[EventDate "1998.03.05"]
[Source "ChessBase"]
[SourceDate "1998.04.29"]

1. Nf3 {A12: Reti-Eroeffnung (New-Yorker-System)} 1... d5 2. c4 c6 3. b3 Bg4 4.
Bb2 4... Bxf3 {letzter Buchzug} 5. exf3 e6 6. Qc2 Nf6 7. g3 Be7 8. f4 Nbd7 9.
Bg2 O-O 10. O-O Nc5 11. d4 Na6 12. Qe2 g6 13. h4 Re8 14. Nd2 Qa5 15. c5 Bf8 16.
g4 $2 (16. Nf3 $11 $142) 16... Nxg4 $1 $19 17. h5 Bg7 (17... gxh5 18. Nf3 $19)
18. Rfc1 (18. hxg6 hxg6 19. Nf3 $19) 18... gxh5 19. a4 (19. Bh3 19... Nf6 $19)
19... Qd8 (19... Qc7 20. Qf3 $19) 20. f3 (20. Nf3 $19) 20... Nh6 21. Qf2 Qf6
22. Ne4 (22. Nf1 22... Nf5 $19) 22... Qxf4 (22... dxe4 $5 23. fxe4 Rad8 24. Rc4
$19) 23. Nd6 Re7 24. Rd1 Nf5 25. Bc1 (25. Nxf5 Qxf5 26. a5 $19) 25... Qxd4 $1
26. Rxd4 Bxd4 27. Nxf5 (27. Bg5 Bxf2+ (27... Bxa1 $6 28. Nxf5 Rd7 29. Ng3 $17)
28. Kxf2 Rd7 29. Nxf5 29... exf5 $19) 27... Bxf2+ 28. Kxf2 exf5 29. Bg5 Re6 30.
Rc1 Rae8 31. Bf1 Nb4 32. a5 Kg7 33. Bd2 Na6 34. Bd3 Nc7 (34... f4 35. b4 $19)
35. Bc3+ (35. Rg1+ Rg6 36. Rh1 36... Ne6 $19) 35... Kg8 (35... f6 36. Bxf5 Re2+
37. Kg3 $19) 36. Rh1 Rh6 (36... Nb5 $5 37. Bxb5 cxb5 38. Rxh5 Re2+ 39. Kf1 $19)
37. Bd2 Rf6 38. Bc3 Rg6 (38... Rfe6 39. Bxf5 Re2+ 40. Kg3 $19) 39. Bxf5 Ne6 40.
b4 (40. Rxh5 Rg2+ 41. Kf1 Rg5 42. Bxh7+ 42... Kf8 $19) 40... Nf4 41. Rh4 Ng2 (
41... Rg2+ $142 42. Kf1 Ng6 43. Rxh5 $19) 42. Rxh5 Ne3 43. Bxg6 Nd1+ 44. Kg3
fxg6 (44... Nxc3 $6 45. Bd3 $17) 45. Re5 Rxe5 (45... Nxc3 46. Rxe8+ Kg7 47.
Re7+ Kf6 48. Rxh7 $18) 46. Bxe5 Ne3 47. Kf4 Nc4 48. Bd4 h6 49. Kg4 Kf7 50. Kh4
Ke6 51. Bg7 Ne3 52. Kh3 h5 53. Bc3 Kf5 54. Kg3 g5 55. Bd4 Nc4 (55... Nc2 56.
Bc3 $19) 56. Kf2 Kf4 57. Bc3 h4 58. Bf6 (58. b5 cxb5 59. a6 59... bxa6 $19)
58... Ne5 59. Be7 Nxf3 60. b5 a6 (60... a6 61. bxa6 bxa6 62. Bd6+ 62... Ne5 $19
) (60... cxb5 61. a6 Nd4 62. axb7 $19) 0-1

[Event "Bad Woerishofen op"]
[Site "Bad Woerishofen"]
[Date "2001.??.??"]
[Round "5"]
[White "Muraziu, Nicky"]
[Black "Camilleri, Henry"]
[Result "0-1"]
[WhiteElo "1997"]
[BlackElo "2167"]
[Annotator "ChessOrg"]
[PlyCount "96"]
[EventDate "1998.03.05"]
[Source "ChessBase"]
[SourceDate "1998.04.29"]

1. b3 {A01: Larsen-Eroeffnung} 1... e5 2. Bb2 Nc6 3. c4 Nf6 4. a3 d5 5. cxd5
Nxd5 6. e3 6... Be7 {letzter Buchzug} 7. Bb5 Bf6 8. Qc2 Bd7 9. Bc4 Nb6 10. Be2
O-O 11. Nc3 Be6 12. d3 Nd5 13. Ne4 Be7 14. Nf3 f6 15. b4 a6 16. O-O Kh8 17.
Ned2 Qe8 18. Rfe1 Rd8 (18... Qg6 19. Ne4 $11) 19. Rac1 (19. d4 exd4 20. exd4
20... Qd7 $11) 19... Qg6 $11 20. Qb1 Bd6 21. Qa1 Rfe8 22. Bf1 Bg4 23. Nh4 Qh6
24. g3 Rf8 25. Bg2 Be6 26. Nc4 Nde7 27. e4 (27. d4 27... Qh5 $14) 27... Bg4 28.
Ne3 Bc8 29. Rc2 Qh5 (29... Be6 30. Nhf5 Qh5 31. d4 exd4 32. Nxd4 Nxd4 33. Bxd4
$15) 30. Bf3 Qg5 31. Bc1 (31. Nef5 Bxf5 32. Nxf5 Nxf5 33. exf5 33... Qxf5 $11)
31... Nd4 $15 32. Bd1 f5 (32... Ng6 33. Rc4 Nxh4 34. Rxd4 exd4 35. Nf5 $17) 33.
Rc4 f4 34. Rxd4 exd4 (34... fxe3 $143 35. Bxe3 Qf6 36. Rc4 $14) 35. Nc4 Ng6 36.
Nf3 Qh6 37. e5 Be7 38. Nxd4 c5 39. Nb3 cxb4 40. d4 Be6 41. Be2 (41. Ncd2 Qh3
42. Nf1 42... f3 $19) 41... Qh3 (41... b5 42. Ncd2 bxa3 43. Bd3 $19) 42. Bf1 (
42. Nbd2 $19) 42... Qf5 43. Qa2 b5 44. Nca5 Rc8 45. Qd2 Bd5 46. Nc5 (46. Bd3
Qh3 47. Bf1 $19) 46... Nh4 $1 47. Re2 fxg3 (47... Nf3+ 48. Kh1 Qh5 49. h3 Nxd2+
50. Ne4 Rxc1 51. Kh2 Nxf1+ 52. Kg1 Nd2+ 53. Re1 Rxe1+ 54. Kh2 Nf3+ 55. Kg2 Rg1#
) 48. f4 Rxc5 (48... Rxc5 49. hxg3 Nf3+ 50. Kf2 Nxd2 51. Bxd2 51... bxa3 $19) (
48... Nf3+ 49. Kg2 Nxd2+ 50. Re4 Qxf4 51. Be2 Qf2+ 52. Kh3 Qxh2+ 53. Kg4 Qh4#)
0-1

[Event "Bad Woerishofen op"]
[Site "Bad Woerishofen"]
[Date "2001.??.??"]
[Round "7"]
[White "Muraziu, Nicky"]
[Black "Schmidt, Ruediger"]
[Result "1-0"]
[WhiteElo "1997"]
[BlackElo "2151"]
[Annotator "ChessOrg"]
[PlyCount "81"]
[EventDate "1998.03.05"]
[Source "ChessBase"]
[SourceDate "1998.04.29"]

1. e4 {C00: Franzoesische Verteidigung (Seltene Zuege)} 1... e6 2. Qe2 c5 3.
Nf3 Nc6 4. c3 d5 5. d3 5... b6 {letzter Buchzug} 6. Bf4 Ba6 7. e5 h6 8. h4 g6
9. Qc2 Nge7 10. Na3 Bg7 11. Qa4 Qc8 12. Nb5 Bxb5 13. Qxb5 Rb8 14. d4 c4 15. b4
O-O (15... a5 16. a3 $11) 16. Qa4 b5 17. Qc2 a5 18. a3 Ra8 19. Rb1 axb4 20.
axb4 Ra4 (20... f6 21. Qd2 Kh7 22. exf6 Rxf6 23. Be2 $11) 21. Be2 Qa6 22. h5
Ra2 23. Qc1 Ra8 (23... g5 $5 $142 24. Bxg5 24... Qa3 $16) 24. hxg6 Nxg6 25.
Bxh6 Bh8 26. Bd1 Qa3 27. Qe3 Ra1 (27... Nce7 28. Rc1 $16) 28. Bc2 (28. Rxa1 $5
28... Qxa1 29. Nh4 Nxh4 30. Rxh4 Ne7 31. Qg5+ 31... Ng6 $18) 28... Nce7 29. Bg5
29... Qb2 $2 (29... Nf5 $142 30. Qd2 30... Ra2 $16) 30. Kd2 $18 30... Rxb1 31.
Rxb1 Qa2 32. Bxe7 Nxe7 33. Qg5+ Kf8 34. Rh1 Bg7 35. Rh7 Nf5 (35... Ng6 36. Nh4
36... Re8 $18) 36. g4 f6 (36... Kg8 37. gxf5 Kxh7 38. f6+ Qxc2+ 39. Kxc2 39...
Bh6 $18) 37. exf6 Bh6 38. gxf5 (38. Rh8+ Kf7 39. Ne5#) 38... Bxg5+ $18 39. Nxg5
Ke8 40. fxe6 Kd8 41. Rd7+ (41. Rd7+ Kc8 42. f7 Qxc2+ 43. Kxc2 Ra2+ 44. Kd1 Rxf2
45. Rxd5 Kc7 46. e7 Rf1+ 47. Ke2 Rg1 48. e8=Q Rg2+ 49. Kf3 Rg3+ 50. Kxg3 Kb6
51. Qb8+ Kc6 52. Rd6#) 1-0

[Event "Bad Woerishofen op"]
[Site "Bad Woerishofen"]
[Date "2001.??.??"]
[Round "9"]
[White "Muraziu, Nicky"]
[Black "Dobierzin, Olaf"]
[Result "0-1"]
[WhiteElo "1997"]
[BlackElo "2163"]
[Annotator "ChessOrg"]
[PlyCount "40"]
[EventDate "1998.03.05"]
[Source "ChessBase"]
[SourceDate "1998.04.29"]

1. e4 {B31: Sizilianisch (Rossolimo-Variante)} 1... c5 2. Nf3 Nc6 3. Bb5 g6 4.
O-O Bg7 5. Nc3 5... e6 {letzter Buchzug} 6. Bxc6 bxc6 7. e5 f6 8. d4 (8. Ne4
fxe5 9. Nd6+ 9... Kf8 $15) 8... cxd4 9. Qxd4 (9. exf6 Nxf6 10. Nxd4 10... Qc7
$11) 9... fxe5 $15 10. Qd6 (10. Nxe5 $2 10... d6 11. f4 dxe5 12. Qxd8+ Kxd8 13.
fxe5 Bxe5 14. Bg5+ 14... Ke8 $19) 10... Ne7 11. g4 (11. Re1 $15) 11... O-O (
11... h5 12. Nxe5 hxg4 13. Ne4 $17) 12. Kg2 (12. Nxe5 $5 12... Bxe5 13. Qxe5
$11) 12... Nd5 $15 13. Nxd5 exd5 14. Nxe5 Re8 15. Nf3 Ba6 16. Rh1 Be2 17. h4 (
17. Qg3 $5 $17) 17... Re4 18. Bg5 $2 (18. Qg3 $5 $17 $142) 18... Qe8 (18...
Rxg4+ $5 $142 19. Kh3 Qf8 20. Qxf8+ Rxf8 21. Kxg4 Bxf3+ 22. Kg3 Be5+ 23. Kh3
Bxb2 24. Rab1 Bxh1 25. Rxb2 Rxf2 26. Kg3 $19) 19. Qg3 Qe6 20. Bf4 $4 (20. Nh2
Bxg4 21. c3 $19) 20... Bxf3+ (20... Bxf3+ 21. Qxf3 21... Rf8 $19) 0-1

[Event "Bad Woerishofen op"]
[Site "Bad Woerishofen"]
[Date "2001.??.??"]
[Round "2"]
[White "Naiditsch, Arkadij"]
[Black "Krajewski, Wolfgang"]
[Result "1-0"]
[WhiteElo "2484"]
[BlackElo "2199"]
[Annotator "ChessOrg"]
[PlyCount "51"]
[EventDate "1998.03.05"]
[Source "ChessBase"]
[SourceDate "1998.04.29"]

1. e4 {B17: Caro-Kann-Verteidigung} 1... c6 2. d4 d5 3. Nc3 dxe4 4. Nxe4 Nd7 5.
Ng5 Ngf6 6. Bd3 e6 7. N1f3 Bd6 8. Qe2 h6 9. Ne4 Nxe4 10. Qxe4 Nf6 11. Qe2 c5
12. dxc5 Bxc5 13. O-O O-O 14. Bf4 Bd6 15. Ne5 Qc7 16. Rad1 16... Rb8 {
letzter Buchzug} 17. Bg3 b6 (17... Rd8 $5 $14) 18. Bb5 18... Bb7 $2 (18... Ra8
$16 $142) 19. Rxd6 $1 $18 19... Qxd6 20. Nc6 $5 20... e5 (20... Qxc6 21. Bxc6)
21. Bxe5 (21. Nxb8 $6 21... Qd5 22. f3 22... Rxb8 $16) 21... Qe6 (21... Rbe8
22. Bxd6 Rxe2 23. Bxe2 Bxc6 24. Bxf8 24... Kxf8 $18) 22. Nxb8 (22. Bxb8 $6
22... Bxc6 23. Qxe6 fxe6 24. Bxc6 24... Rxb8 $16) 22... Ne4 23. Nd7 Rd8 24. Rd1
Kh8 (24... Re8 25. f3 Ng5 26. Qd3 $18) 25. f3 a6 (25... f6 26. Bb8 (26. fxe4
$143 26... fxe5 27. Bc4 27... Qe7 $18) 26... a6 27. Bc7 $18 (27. fxe4 $6 27...
axb5 28. Rd6 28... Qe7 $18) (27. Bxa6 $6 27... Bxa6 28. Qxe4 Qxe4 29. fxe4
29... Bc8 $18)) 26. Bc4 (26. Bc4 Qe7 27. fxe4 $18) (26. fxe4 axb5 27. Rd6 Qxd6
28. Bxd6 28... Rxd7 $18) 1-0

[Event "Bad Woerishofen op"]
[Site "Bad Woerishofen"]
[Date "2001.??.??"]
[Round "4"]
[White "Naiditsch, Arkadij"]
[Black "Epishin, Vladimir"]
[Result "1/2-1/2"]
[WhiteElo "2484"]
[BlackElo "2578"]
[Annotator "ChessOrg"]
[PlyCount "107"]
[EventDate "1998.03.05"]
[Source "ChessBase"]
[SourceDate "1998.04.29"]

1. e4 {B18: Caro-Kann (Hauptvariante)} 1... c6 2. d4 d5 3. Nc3 dxe4 4. Nxe4 Bf5
5. Ng3 Bg6 6. Bc4 e6 7. N1e2 Bd6 8. h4 8... Nf6 {letzter Buchzug} 9. h5 Be4 10.
Nxe4 Nxe4 11. Qd3 Nf6 12. Bd2 Nbd7 13. O-O-O Qc7 14. Qf3 h6 15. g4 Nd5 16. Bb3
b5 17. g5 hxg5 18. Bxg5 a5 19. h6 gxh6 20. Bxh6 a4 21. Bxd5 cxd5 (21... exd5 $4
22. Qe3+ Be5 23. Bf4 $18) 22. Bg5 (22. Bf4 Rxh1 23. Rxh1 23... Rc8 $11) 22...
Rxh1 23. Rxh1 (23. Qxh1 Qc4 24. Re1 24... Rc8 $15 (24... Qxa2 25. Nc3 Qc4 26.
Nxd5 Qxd4 27. Nf6+ Nxf6 28. Qxa8+ Ke7 29. Qb7+ Ke8 30. Rh1 (30. Qxb5+ $6 30...
Nd7 $18) 30... Bf4+ 31. Kb1 $18)) 23... Rc8 24. c3 (24. Qd3 24... b4 $11) 24...
a3 25. b3 b4 26. Kb1 bxc3 27. Kc2 Nf8 28. Rh8 Be7 29. Bh6 Qb6 30. Bg7 e5 (30...
Qb4 31. Nf4 Rc7 32. Nh5 $18) 31. Bxe5 (31. Qf5 $5 $142 31... Rc6 32. Bxf8 Bxf8
33. Qxe5+ Re6 34. Qh5 $14) 31... Qg6+ $15 32. Kc1 c2 33. Bf4 (33. Qxd5 Bg5+ 34.
f4 Qd3 35. Rxf8+ Kxf8 36. Bd6+ Be7 37. Bxe7+ Ke8 (37... Kxe7 38. Qe5+ Kd7 39.
Qd5+ Kc7 40. Qc5+ Kb7 41. Qb4+ Ka7 42. Qxa3+ Kb7 43. Qb4+ Ka8 44. Qa5+ Kb8 45.
Qb6+ Ka8 46. Qa5+ Kb8 47. Qb6+ Ka8 48. Qa5+ $11) 38. Qb5+ 38... Qxb5 $19) 33...
Qa6 (33... Qe4 34. Qxe4 34... dxe4 $14) 34. Ng3 $4 (34. Bd2 $5 $11) 34... Bf6 (
34... Qf6 $142 35. Qg4 35... Rc6 $19 (35... Qxh8 $2 36. Qxc8+ Bd8 37. Qc6+ Nd7
38. Qxd5 $18)) 35. Qe3+ $15 35... Kd7 36. Rh5 Qe6 37. Be5 (37. Qxe6+ Kxe6 38.
Ne2 38... Ng6 $14) 37... Be7 $15 38. Nf5 $2 (38. Qd3 38... Ng6 $11) 38... Ng6
$4 (38... Bb4 39. Nd6 39... Rc3 $19) 39. Nxe7 $11 39... Nxe7 40. Qd3 (40. Rh6
Qg4 41. Qh3 Qxh3 42. Rxh3 42... Nc6 $15) 40... Ng6 (40... f6 $5 41. Rh6 41...
Qg4 $15) 41. Qf5 Rc3 42. Qxe6+ (42. f4 Rf3 43. Qxe6+ Kxe6 44. Kxc2 Nxf4 45.
Bxf4 45... Rxf4 $11) 42... Kxe6 43. Bg3 (43. f4 Ne7 44. Rh6+ 44... Ng6 $11)
43... Rc6 (43... Rxb3 $1 $142 44. Kxc2 Rb2+ 45. Kc3 45... f5 $17) 44. Rh1 Ne7
45. Re1+ Kd7 46. Bh2 f6 47. Re3 Ng6 (47... Nf5 48. Rd3 $11) 48. Bb8 Nf8 49. Rd3
Ne6 50. Ba7 Kc7 51. b4 Rc4 52. Bc5 Nxc5 53. bxc5 Kc6 54. Rxa3 1/2-1/2